Central Library OPAC University of Rajshahi

Food, nutrition and diet therapy / (Record no. 13814)

MARC details
000 -LEADER
fixed length control field 00970cam a2200337 i 4500
001 - CONTROL NUMBER
control field 13814
003 - CONTROL NUMBER IDENTIFIER
rucl marc code BD-RjUL
005 - DATE AND TIME OF LATEST TRANSACTION
control field 20211208235522.0
008 - FIXED-LENGTH DATA ELEMENTS--GENERAL INFORMATION
fixed length control field 140202s1979 paua b 001 0 eng
020 ## - INTERNATIONAL STANDARD BOOK NUMBER
International Standard Book Number 0721655130
035 ## - SYSTEM CONTROL NUMBER
System control number (BD-RjUL)13866
040 ## - CATALOGING SOURCE
Original cataloging agency DLC
Transcribing agency DLC
Modifying agency DLC
-- BD-RjUL
Language of cataloging eng
041 ## - LANGUAGE CODE
Language code of text/sound track or separate title eng
060 ## - NATIONAL LIBRARY OF MEDICINE CALL NUMBER
Classification number WB400 K91n
082 00 - DEWEY DECIMAL CLASSIFICATION NUMBER
Classification number 615.854
Author mark and year KRF
100 1# - MAIN ENTRY--PERSONAL NAME
Personal name Krause, Marie V.
9 (RLIN) 43205
245 10 - TITLE STATEMENT
Title Food, nutrition and diet therapy /
Statement of responsibility, etc. Marie V. Krause, L. Kathleen Mahan.
250 ## - EDITION STATEMENT
Edition statement 6th ed.
260 ## - PUBLICATION, DISTRIBUTION, ETC. (IMPRINT)
Place of publication, distribution, etc. Philadelphia :
Name of publisher, distributor, etc. W. B. Saunders,
Date of publication, distribution, etc. 1979.
300 ## - PHYSICAL DESCRIPTION
Pagination xix, 963 p. :
Illustrations ill. ;
Size 27 cm.
504 ## - BIBLIOGRAPHY, ETC. NOTE
Bibliography, etc Includes bibliographies and index.
650 #0 - SUBJECT ADDED ENTRY--TOPICAL TERM
Topical term or geographic name as entry element Diet therapy.
9 (RLIN) 43206
Topical term or geographic name as entry element Nutrition.
9 (RLIN) 43207
Topical term or geographic name as entry element Food.
9 (RLIN) 43208
Topical term or geographic name as entry element Diet therapy.
9 (RLIN) 43209
Topical term or geographic name as entry element Nutrition.
9 (RLIN) 43210
700 1# - ADDED ENTRY--PERSONAL NAME
Personal name Mahan, L. Kathleen,
Relator term joint author.
942 ## - ADDED ENTRY ELEMENTS (KOHA)
Source of classification or shelving scheme Dewey Decimal Classification
Koha item type Books
Holdings
Lost status Source of classification or shelving scheme Damaged status Not for loan Collection code Permanent Location Current Location Shelving location Date acquired Source of acquisition Cost, normal purchase price Total Checkouts Full call number Date last seen Copy number Koha item type
  Dewey Decimal Classification     Non-fiction Central Library, University of Rajshahi Central Library, University of Rajshahi   04/05/1983 Heffer 15.50   615.854 KRF 1979 02/02/2014 C-2 Books
  Dewey Decimal Classification   Not For Loan Non-fiction Central Library, University of Rajshahi Central Library, University of Rajshahi Reading Room 04/05/1983 Heffer 15.50   615.854 KRF 1979 19/03/2017 C-1 Books